Treasury control : (Record no. 5946)
[ view plain ]
| 000 -LEADER | |
|---|---|
| fixed length control field | 00962cam a22002891 4500 |
| 001 - CONTROL NUMBER | |
| control field | 5946 |
| 003 - CONTROL NUMBER IDENTIFIER | |
| rucl marc code | BD-RjUL |
| 005 - DATE AND TIME OF LATEST TRANSACTION | |
| control field | 20211208234147.0 |
| 008 - FIXED-LENGTH DATA ELEMENTS--GENERAL INFORMATION | |
| fixed length control field | 140108s1963 enka b 001 0 eng d |
| 035 ## - SYSTEM CONTROL NUMBER | |
| System control number | (BD-RjUL)5985 |
| System control number | (OCoLC)4517850 |
| 040 ## - CATALOGING SOURCE | |
| Original cataloging agency | DLC |
| Transcribing agency | OCl |
| Modifying agency | NcRS |
| -- | Uk |
| -- | DLC |
| -- | (BD-RjUL) |
| Language of cataloging | eng |
| 041 ## - LANGUAGE CODE | |
| Language code of text/sound track or separate title | eng |
| 082 00 - DEWEY DECIMAL CLASSIFICATION NUMBER | |
| Classification number | 336.42 |
| Author mark and year | BET |
| 100 1# - MAIN ENTRY--PERSONAL NAME | |
| Personal name | Beer, Samuel H. |
| Fuller form of name | (Samuel Hutchison), |
| Dates associated with a name | 1911-2009. |
| 9 (RLIN) | 18688 |
| 245 10 - TITLE STATEMENT | |
| Title | Treasury control : |
| Remainder of title | the co-ordination of financial and economic policy in Great Britain / |
| Statement of responsibility, etc. | Beer, Samuel H. |
| 250 ## - EDITION STATEMENT | |
| Edition statement | 2d ed. |
| 260 ## - PUBLICATION, DISTRIBUTION, ETC. (IMPRINT) | |
| Place of publication, distribution, etc. | Oxford : |
| Name of publisher, distributor, etc. | Clarendon Press, |
| Date of publication, distribution, etc. | 1963 |
| 300 ## - PHYSICAL DESCRIPTION | |
| Pagination | viii, 138 p. : |
| Illustrations | diagr. ; |
| Size | 19 cm. |
| 504 ## - BIBLIOGRAPHY, ETC. NOTE | |
| Bibliography, etc | Bibliography: p. 131. Bibliographical footnotes. |
| 610 10 - SUBJECT ADDED ENTRY--CORPORATE NAME | |
| Corporate name or jurisdiction name as entry element | Great Britain. |
| Subordinate unit | Treasury. |
| 650 #0 - SUBJECT ADDED ENTRY--TOPICAL TERM | |
| Topical term or geographic name as entry element | Finance, Public |
| Geographic subdivision | Great Britain. |
| 9 (RLIN) | 18689 |
| 651 #0 - SUBJECT ADDED ENTRY--GEOGRAPHIC NAME | |
| Geographic name | Great Britain |
| General subdivision | Economic policy. |
| 9 (RLIN) | 18690 |
| 942 ## - ADDED ENTRY ELEMENTS (KOHA) | |
| Source of classification or shelving scheme | Dewey Decimal Classification |
| Koha item type | Books |
| Lost status | Source of classification or shelving scheme | Damaged status | Not for loan | Collection code | Permanent Location | Current Location | Shelving location | Date acquired | Source of acquisition | Cost, normal purchase price | Total Checkouts | Full call number | Date last seen | Copy number | Koha item type |
|---|---|---|---|---|---|---|---|---|---|---|---|---|---|---|---|
| Dewey Decimal Classification | Not For Loan | Non-fiction | Central Library, University of Rajshahi | Central Library, University of Rajshahi | 08/12/1970 | Sweels & Zeitlinger | 18.00 | 336.42 BET 1963 | 08/01/2014 | C-1 | Books | ||||
| Dewey Decimal Classification | Non-fiction | Central Library, University of Rajshahi | Central Library, University of Rajshahi | 12/05/1976 | B.N.B.C Gift | 336.42 BET 1956 | 16/01/2014 | C-2 | Books |